000 00880nam a2200205 a 4500
001 000681331
003 AM-YeHGA
005 20250617142204.0
008 090907s1986 tk r 000 0 rus d
040 _aAM-YeHGA
041 0 _arus
245 0 0 _aЭлектрохимические процессы на твердых и жидких электродах /
_cКаз. гос. ун-т им. С. М. Кирова; [Редкол.: А. И. Зебрева (науч. ред.) и др.].
260 _aАлма-Ата :
_bКазГУ,
_c1986.
300 _a113,[1] с. :
_bил. ;
_c20 см.
504 _aБиблиогр. в конце ст.
653 0 _aЭлектродные процессы
700 1 _aЗебрева, А.И
_eред.
_4edt
710 2 _aКазахский государственный университет им. С.М. Кирова
090 _c254405
999 _c252806
_d252806